| 000 | 01518nam a2200217Ia 4500 | ||
|---|---|---|---|
| 003 | Ost | ||
| 005 | 20260507075310.0 | ||
| 008 | 260507s9999||||xx |||||||||||||| ||und|| | ||
| 040 | _cfsecg | ||
| 041 | _aara | ||
| 082 | _a330 | ||
| 100 |
_aعطية ناصف، إيمان _eمؤلف |
||
| 245 | 0 |
_aالنظرية الاقتصادية الكلية / _c إيمان عطية ناصف |
|
| 260 |
_aالاسكندرية: _bدار الجامعة الجديدة, _c2008 |
||
| 300 |
_a369 صفحة؛ _bإيضاحات ؛ _c25 سم |
||
| 520 | _aمقدمات أساسية في علم الاقتصاد ، المحددات الأساسية للطلب و العرض في أسواق الاقتصاد المغلق ، التحليل الكلاسيكي بالتطرق إلى تحديد مستوى الناتج و العمالة و تحديد المستوى العام للأسعار و سعر الفئدة ، التحليل الكنزي بالتطرق إلى نموذج الدخل ــ الإنفاق و كذلك السوق النقدي و تحديد سعر الفائدة ، نموذج IS،LM تحديد توازن الدخل القومي مع تغيير المستوى العام للأسعار مع دراسة التضخم و مفهوم التخلف و خصائصه ، مفهوم النمو و التنمية ، الاتجاهات الحديثة في التنمية البشرية. | ||
| 653 | _aالإقتصاد | ||
| 653 | _aالإقتصاد الكلي | ||
| 653 | _aالأنظمة الإقتصادية | ||
| 942 | _cكتاب | ||
| 999 |
_c43853 _d43853 |
||